Equilibrium : (Record no. 353233)

000 -LEADER
fixed length control field 01040 a2200289 4500
003 - CONTROL NUMBER IDENTIFIER
control field OSt
005 - DATE AND TIME OF LATEST TRANSACTION
control field 20180116192359.0
008 - FIXED-LENGTH DATA ELEMENTS--GENERAL INFORMATION
fixed length control field 120622t xxu||||| |||| 00| 0 eng d
010 ## - LIBRARY OF CONGRESS CONTROL NUMBER
LC control number 00690873
020 ## - INTERNATIONAL STANDARD BOOK NUMBER
International Standard Book Number 0714839582
020 ## - INTERNATIONAL STANDARD BOOK NUMBER
International Standard Book Number 9780714839585
040 ## - CATALOGING SOURCE
Transcribing agency 0
082 ## - DEWEY DECIMAL CLASSIFICATION NUMBER
Classification number 720.92
100 1# - MAIN ENTRY--PERSONAL NAME
Personal name Pearman, Hugh.
9 (RLIN) 4841
245 10 - TITLE STATEMENT
Title Equilibrium :
Remainder of title the work of Nicholas Grimshaw & Partners /
Statement of responsibility, etc. Hugh Pearman.
260 ## - PUBLICATION, DISTRIBUTION, ETC.
Place of publication, distribution, etc. London :
Name of publisher, distributor, etc. Phaidon Press,
Date of publication, distribution, etc. 2000.
300 ## - PHYSICAL DESCRIPTION
Extent 256 p. :
Other physical details ill. (chiefly col.), plans, ports. ;
Dimensions 26 cm.
500 ## - GENERAL NOTE
General note Includes texts by Nicholas Grimshaw.
600 10 - SUBJECT ADDED ENTRY--PERSONAL NAME
Personal name Grimshaw, Nicholas,
Dates associated with a name 1939-
9 (RLIN) 4842
610 20 - SUBJECT ADDED ENTRY--CORPORATE NAME
Corporate name or jurisdiction name as entry element Nicholas Grimshaw and Partners.
9 (RLIN) 4843
650 10 - SUBJECT ADDED ENTRY--TOPICAL TERM
Topical term or geographic name entry element Architecture
Geographic subdivision England
General subdivision History
Chronological subdivision 20th century.
9 (RLIN) 4844
650 10 - SUBJECT ADDED ENTRY--TOPICAL TERM
Topical term or geographic name entry element Architecture
Geographic subdivision Europe
General subdivision History
Chronological subdivision 20th century.
9 (RLIN) 4845
650 10 - SUBJECT ADDED ENTRY--TOPICAL TERM
Topical term or geographic name entry element Architectural firms
Geographic subdivision England
-- London.
9 (RLIN) 4846
700 1# - ADDED ENTRY--PERSONAL NAME
Personal name Grimshaw, Nicholas,
Dates associated with a name 1939-
9 (RLIN) 4847
942 ## - ADDED ENTRY ELEMENTS (KOHA)
Institution code [OBSOLETE] SADA
Koha item type Reference
Call number prefix 720.92 PEA 2000
Source of classification or shelving scheme
Holdings
Withdrawn status Lost status Source of classification or shelving scheme Damaged status Not for loan Permanent Location Current Location Date acquired Total Checkouts Full call number Barcode Date last seen Cost, replacement price Price effective from Koha item type
          School of Art Design and Architecture (SADA) School of Art Design and Architecture (SADA) 06/28/2011   REF 720.92 PEA 2000 SADA0001385 08/05/2011 4329.00 08/05/2011 Reference
© 2023 Central Library, National University of Sciences and Technology. All Rights Reserved.